000 nam a22 7a 4500
999 _c9186
_d9186
008 180124b ||||| |||| 00| 0 eng d
100 _aCBSE
_95447
245 _aEnglish Communication Solution
260 _aNew Delhi
_bRachna
_c2009